[Event "TUR Cup"]
[Site "Antalya"]
[Date "2020.01.30"]
[Round "7"]
[White "Erdal, Kerem"]
[Black "Bal, Melih"]
[Result "1-0"]
[WhiteElo "1691"]
[BlackElo "1213"]
[PlyCount "61"]
[EventDate "2020.01.26"]
[EventType "swiss"]
[EventRounds "11"]
[EventCountry "TUR"]
[SourceTitle "CBM 194 Extra"]
[Source "ChessBase"]
[SourceDate "2020.03.31"]
[SourceVersion "1"]
[SourceVersionDate "2020.03.31"]
[SourceQuality "1"]

1. e4 d6 2. d4 Nf6 3. Nc3 g6 4. Nf3 Bg7 5. Bd3 c5 6. dxc5 dxc5 7. 0-0 0-0 8. Be3 b6 9. e5 Nd5 10. Be4 Nxc3 11. bxc3 Ba6 12. Qxd8 Rxd8 13. Bxa8 Bxf1 14. Kxf1 Na6 15. Bb7 Nc7 16. Ke2 f6 17. exf6 Bxf6 18. Rd1 Rb8 19. Bd5+ e6 20. Bb3 Bxc3 21. Bf4 Rb7 22. Rd7 c4 23. Bxc4 b5 24. Rxc7 Rxc7 25. Bxe6+ Rf7 26. Ng5 Kg7 27. Nxf7 Kf6 28. Bb3 a5 29. Bd2 a4 30. Bxc3+ Ke7 31. Bd5 1-0

[Event "TUR Cup"]
[Site "Antalya"]
[Date "2020.01.27"]
[Round "2"]
[White "Bal, Melih"]
[Black "Urun, Sina Mete"]
[Result "0-1"]
[WhiteElo "1213"]
[BlackElo "1494"]
[PlyCount "108"]
[EventDate "2020.01.26"]
[EventType "swiss"]
[EventRounds "11"]
[EventCountry "TUR"]
[SourceTitle "CBM 194 Extra"]
[Source "ChessBase"]
[SourceDate "2020.03.31"]
[SourceVersion "1"]
[SourceVersionDate "2020.03.31"]
[SourceQuality "1"]

1. d4 e6 2. e4 d5 3. e5 c5 4. c3 Nc6 5. f4 Qb6 6. Ne2 Nh6 7. Qb3 Qxb3 8. axb3 cxd4 9. Nxd4 Nxd4 10. cxd4 Nf5 11. Bb5+ Bd7 12. Bxd7+ Kxd7 13. Ra4 b5 14. Ra6 Nxd4 15. Nd2 Bb4 16. Kf2 Rhc8 17. Ke3 Bc5 18. Kd3 Nc6 19. Ke2 Bb6 20. Nf3 Nb4 21. Ra1 Rc2+ 22. Nd2 Rac8 23. Rf1 a5 24. g4 Bd4 25. h4 Ke7 26. h5 g6 27. hxg6 hxg6 28. g5 R8c7 29. Rh1 Bb6 30. Rd1 d4 31. Rh1 Nd5 32. Kf3 d3 33. Ke4 Be3 34. Kxd3 Bxf4 35. Nc4 Rxc1 36. Raxc1 Bxc1 37. Rxc1 bxc4+ 38. bxc4 Nb4+ 39. Kd4 Rd7+ 40. Ke4 Nd3 41. Rc2 Nc5+ 42. Ke3 Rd3+ 43. Kf4 Rd4+ 44. Kf3 Re4 45. Re2 Rxc4 46. Re3 Rb4 47. Rc3 Rb3 48. Ke2 Rxb2+ 49. Kd1 Rb5 50. Kc2 Ne4 51. Rc7+ Kf8 52. Rc8+ Kg7 53. Kd3 Nxg5 54. Kc4 Rxe5 0-1